<?xml version="1.0" encoding="UTF-8"?>
<record
    xmlns:xsi="http://www.w3.org/2001/XMLSchema-instance"
    xsi:schemaLocation="http://www.loc.gov/MARC21/slim http://www.loc.gov/standards/marcxml/schema/MARC21slim.xsd"
    xmlns="http://www.loc.gov/MARC21/slim">

  <leader>01184nam a22002657a 4500</leader>
  <controlfield tag="005">20170123162307.0</controlfield>
  <datafield tag="010" ind1=" " ind2=" ">
    <subfield code="a">B-209245</subfield>
  </datafield>
  <datafield tag="020" ind1=" " ind2=" ">
    <subfield code="c">180.00</subfield>
    <subfield code="a">8187231777</subfield>
  </datafield>
  <datafield tag="035" ind1=" " ind2=" ">
    <subfield code="a">B-209245</subfield>
  </datafield>
  <datafield tag="037" ind1=" " ind2=" ">
    <subfield code="b">Cen Lib/Ret</subfield>
  </datafield>
  <datafield tag="040" ind1=" " ind2=" ">
    <subfield code="a">DPL</subfield>
    <subfield code="b">UR</subfield>
  </datafield>
  <datafield tag="082" ind1=" " ind2=" ">
    <subfield code="a">841.08</subfield>
    <subfield code="b">&#x627; &#x62E; &#x62A;</subfield>
  </datafield>
  <datafield tag="100" ind1=" " ind2=" ">
    <subfield code="a">&#x627;&#x62E;&#x62A;&#x631; &#x634;&#x627;&#x6C1;&#x62C;&#x6C1;&#x627;&#x646;&#x67E;&#x648;&#x631;&#x6CC; </subfield>
    <subfield code="9">111151</subfield>
  </datafield>
  <datafield tag="245" ind1=" " ind2=" ">
    <subfield code="a">&#x62A;&#x644;&#x627;&#x634; &#x648; &#x62A;&#x639;&#x645;&#x6CC;&#x631; :</subfield>
    <subfield code="c">&#x627;&#x62E;&#x62A;&#x631; &#x634;&#x627;&#x6C1;&#x62C;&#x6C1;&#x627;&#x646;&#x67E;&#x648;&#x631;&#x6CC;; &#x645;&#x631;&#x62A;&#x628; &#x645;&#x62F;&#x6C1;&#x648;&#x634; &#x628;&#x644;&#x6AF;&#x631;&#x627;&#x645;&#x6CC; </subfield>
    <subfield code="b">&#x627;&#x62E;&#x62A;&#x631; &#x634;&#x627;&#x6C1;&#x62C;&#x6C1;&#x627;&#x646;&#x67E;&#x648;&#x631;&#x6CC; &#x6A9;&#x6D2; &#x641;&#x646; &#x627;&#x648;&#x631; &#x634;&#x62E;&#x635;&#x6CC;&#x62A; &#x67E;&#x631; &#x645;&#x636;&#x627;&#x645;&#x6CC;&#x646; /</subfield>
  </datafield>
  <datafield tag="246" ind1=" " ind2=" ">
    <subfield code="a">Talash-o-tameer : Akhter Shahjahanpuri ke fun aur shakhsiyat par majameen /</subfield>
    <subfield code="b">by Akhtar Shahjahanpuri; compiled by Mad'hosh Bilgerami </subfield>
  </datafield>
  <datafield tag="260" ind1=" " ind2=" ">
    <subfield code="a"> &#x62F;&#x6C1;&#x644;&#x6CC;</subfield>
    <subfield code="b">&#x62E;&#x644;&#x649;&#x642; &#x643;&#x627;&#x631; &#x67E;&#x628;&#x644;&#x634;&#x631;&#x632;</subfield>
    <subfield code="c">2006</subfield>
  </datafield>
  <datafield tag="270" ind1=" " ind2=" ">
    <subfield code="a">&#x661;&#x660;&#x664;/&#x628; &#x6CC;&#x627;&#x648;&#x631; &#x645;&#x646;&#x632;&#x644;&#x60C; &#x644;&#x6A9;&#x634;&#x645;&#x6CC; &#x646;&#x6AF;&#x627;&#x631; </subfield>
    <subfield code="b"> &#x62F;&#x6C1;&#x644;&#x6CC;</subfield>
    <subfield code="e">110092</subfield>
  </datafield>
  <datafield tag="300" ind1=" " ind2=" ">
    <subfield code="a">234p. </subfield>
    <subfield code="c">21cm(Hb)</subfield>
  </datafield>
  <datafield tag="650" ind1=" " ind2=" ">
    <subfield code="a"> &#x627;&#x62F;&#x628; - &#x627;&#x631;&#x62F;&#x648;</subfield>
    <subfield code="9">111152</subfield>
  </datafield>
  <datafield tag="650" ind1=" " ind2=" ">
    <subfield code="a">&#x627;&#x62E;&#x62A;&#x631; - &#x62A;&#x646;&#x642;&#x6CC;&#x62F; &#x627;&#x648;&#x631; &#x62A;&#x634;&#x631;&#x6CC;&#x62D;.</subfield>
    <subfield code="9">111153</subfield>
  </datafield>
  <datafield tag="650" ind1=" " ind2=" ">
    <subfield code="a">Literature -- Urdu</subfield>
    <subfield code="9">111154</subfield>
  </datafield>
  <datafield tag="650" ind1=" " ind2=" ">
    <subfield code="a">Ak&#x332;h&#x332;tar Sh&#x101;hjah&#x101;np&#x16B;r&#x12B; -- Criticism and interpretation.</subfield>
    <subfield code="9">111155</subfield>
  </datafield>
  <datafield tag="700" ind1=" " ind2=" ">
    <subfield code="a"> &#x645;&#x62F;&#x6C1;&#x648;&#x634; &#x628;&#x644;&#x6AF;&#x631;&#x627;&#x645;&#x6CC;</subfield>
    <subfield code="9">804</subfield>
  </datafield>
  <datafield tag="942" ind1=" " ind2=" ">
    <subfield code="2">ddc</subfield>
    <subfield code="c">UR</subfield>
    <subfield code="h">841.08</subfield>
    <subfield code="m">&#x627; &#x62E; &#x62A;</subfield>
  </datafield>
  <datafield tag="999" ind1=" " ind2=" ">
    <subfield code="c">106378</subfield>
    <subfield code="d">106378</subfield>
  </datafield>
  <datafield tag="952" ind1=" " ind2=" ">
    <subfield code="0">0</subfield>
    <subfield code="1">0</subfield>
    <subfield code="4">0</subfield>
    <subfield code="7">0</subfield>
    <subfield code="a">L</subfield>
    <subfield code="b">L</subfield>
    <subfield code="d">2015-12-19</subfield>
    <subfield code="e">Cen Lib/Ret</subfield>
    <subfield code="g">180.00</subfield>
    <subfield code="l">1</subfield>
    <subfield code="o">841.08 &#x627; &#x62E; &#x62A;</subfield>
    <subfield code="p">B-209245</subfield>
    <subfield code="r">2019-01-23 00:00:00</subfield>
    <subfield code="s">2019-01-15</subfield>
    <subfield code="t">1</subfield>
    <subfield code="v">180.00</subfield>
    <subfield code="w">2015-12-19</subfield>
    <subfield code="y">UR</subfield>
  </datafield>
</record>
